Chapter 5 The relative importance of selected factors affecting corporate trade credit policy (Record no. 13184)

MARC details
000 -LEADER
fixed length control field 00653nam a2200121Ia 4500
008 - FIXED-LENGTH DATA ELEMENTS--GENERAL INFORMATION
fixed length control field 220615s9999||||xx |||||||||||||| ||und||
100 ## - MAIN ENTRY--PERSONAL NAME
Personal name Koralun-Bereźnicka, Julia||Szramowski, Dawid
245 #0 - TITLE STATEMENT
Title Chapter 5 The relative importance of selected factors affecting corporate trade credit policy
546 ## - LANGUAGE NOTE
Language note English[eng]
650 ## - SUBJECT ADDED ENTRY--TOPICAL TERM
Topical term or geographic name entry element cluster analysis; country and firm size effect;financial crisis; industry; payables management; receivables management; short-term finance;Trade credit; trade credit balance; working capital
856 ## - ELECTRONIC LOCATION AND ACCESS
Uniform Resource Identifier <a href="https://library.oapen.org/bitstream/20.500.12657/54630/1/9781003253228_10.4324_9781003253228-6.pdf">https://library.oapen.org/bitstream/20.500.12657/54630/1/9781003253228_10.4324_9781003253228-6.pdf</a>
942 ## - ADDED ENTRY ELEMENTS (KOHA)
Koha item type E-Books
Holdings
Withdrawn status Lost status Damaged status Not for loan Home library Current library Date acquired Total Checkouts Date last seen Price effective from Koha item type
        Kerala University of Digital Sciences, Innovation and Technology Knowledge Centre Kerala University of Digital Sciences, Innovation and Technology Knowledge Centre 15/06/2022   15/06/2022 15/06/2022 E-Books